All Winners of America's Got Talent - Statistics

General Stats
  • This quiz has been taken 20 times
  • The average score is 4 of 11
Answer Stats
Hint Answer % Correct
Season 11 Grace VanderWall
77%
Season 1 Bianca Ryan
54%
Season 2 Terry Fator
46%
Season 10 Paul Zerdin
38%
Season 9 Mat Franco
31%
Season 4 Kevin Skinner
23%
Season 3 Neal E. Boyd
23%
Season 7 Olate Dogs
23%
Season 6 Landau Eugene Murphy, Jr.
15%
Season 5 Michael Grimm
15%
Season 8 Kenichi Ebina
8%
No matching quizzes found
Score Distribution
Percent of People with Each Score
Percentile by Number Answered
Your Score History
You have not taken this quiz